000 00473nam a22001697a 4500
005 20240806100344.0
008 240806b |||||||| |||| 00| 0 eng d
020 _a9780643104259
082 _a779
_bMUS-A
100 _aMuseum, South austrlian
245 _aAustralasian Nature Photography 08 /
_cSouth austrlian Museum
260 _ausa:
_bwiley;-
_c2011.
300 _axiv, 103 p. :
_bill;
_c23 cm.
500 _ainclude index.
650 _aPhotography
999 _c36296
_d36296